Tilastot visalle Sanat - "Kuuma kesä" - Popeda

Klikkaa tästä pelataksesi tätä visaa!

Yleistilastot

  • Tätä visaa on pelattu 214 kertaa
  • Keskiarvotulos 114 / 167

Vastaustilastot

Sanat% Oikein
kesä,
100%
kesä
100%
kuuma
100%
pitkä
100%
Pitkä
100%
- se
99%
Se
99%
elää
98%
97%
97%
sen,
97%
sen
97%
- ja
95%
Ja
95%
aion
93%
sain
85%
maa
82%
mun
82%
maailmain
79%
On
79%
on
79%
mullisti
78%
oli
62%
näky
59%
tosi
59%
Hän
58%
naurattaa
58%
Lyhyessä
57%
naisia
57%
upee
57%
kesämekossaan
56%
päin
55%
näin
53%
Pojat
52%
tää
52%
hänet
51%
jää
51%
rantatiellä
51%
satamaan
50%
polttaa
49%
satulaan
49%
ylpeinä
49%
nousi
48%
rannalla
48%
Aurinko
47%
kulkevat
46%
Ajoin
45%
selkää
44%
Jään
43%
lujaa
43%
sisältä
43%
sulattaa
43%
en
39%
...en
39%
kun
39%
tahdon
39%
mua
37%
Purista
36%
rakastaa
36%
sun
36%
36%
päähän
35%
päästä
35%
Pistä
35%
rantaan
35%
tyttö
35%
jokaista
34%
kaiken
33%
kaupunkiin
33%
silmäs
33%
tuuli
33%
ajetaan
32%
raikas
32%
toiseen
32%
Aamuyön
31%
Huuda
31%
kiinni
31%
nähdä
31%
nyt
31%
Meren
30%
Paikoilleni
30%
beibe
29%
lyö
29%
Mennään
29%
ottaa
29%
käveltiin
27%
meidät
27%
kierretään
25%
nivusiin
25%
uppoo
22%
Sydän
20%
Tori
20%
Kyntes
17%
Sitten
17%
näytetään
15%

Tulosjakauma

Persentiili vastausten määrän mukaan

Jokaisen tuloksen saaneiden osuus

Tuloshistoriasi

Et ole pelannut tätä visaa